[Event "CZE-ch Youth B16 2022"]
[Site "Luhacovice"]
[Date "2022.03.12"]
[Round "1.8"]
[White "Oborny, Stanislav"]
[Black "Dolensky, Filip"]
[Result "0-1"]
[WhiteElo "1674"]
[BlackElo "2021"]
[Annotator "ChessBase"]
[PlyCount "88"]
[EventDate "2022.03.12"]
[EventType "swiss"]
[EventCountry "CZE"]
[SourceTitle "playchess.com"]
[Source "ChessBase"]
[SourceQuality "1"]
[TimeControl "40/5400+30:1800+30"]

1. c4 {[%emt 0:00:02]} Nf6 {[%emt 0:00:07]} 2. Nc3 {[%emt 0:00:06]} g6 {[%emt 0:00:17]} 3. Nf3 {[%emt 0:00:21]} Bg7 {[%emt 0:00:05]} 4. d4 {[%emt 0:00:47]} d6 {[%emt 0:00:07]} 5. e4 {[%emt 0:00:22]} O-O {[%emt 0:00:07]} 6. Be2 {[%emt 0:00:39]} e5 {[%emt 0:00:06]} 7. d5 {[%emt 0:01:01]} Nbd7 {[%emt 0:01:25]} 8. O-O {[%emt 0:02:06]} Nh5 {[%emt 0:02:49]} 9. Ne1 {[%emt 0:03:46]} Nf4 {[%emt 0:04:06]} 10. Bxf4 {[%emt 0:03:32]} exf4 {[%emt 0:01:14]} 11. Qd2 {[%emt 0:06:01]} g5 {[%emt 0:01:43]} 12. Nd3 {[%emt 0:03:04]} Re8 {[%emt 0:02:39]} 13. f3 {[%emt 0:02:12]} Qe7 {[%emt 0:06:24]} 14. Rfe1 {[%emt 0:09:02]} h5 {[%emt 0:03:40]} 15. Kh1 {[%emt 0:09:01]} Ne5 {[%emt 0:01:42]} 16. Nf2 {[%emt 0:05:41]} a6 {[%emt 0:01:00]} 17. Rac1 {[%emt 0:02:14]} Qf6 {[%emt 0:00:33]} 18. h3 {[%emt 0:03:27]} g4 {[%emt 0:12:25]} 19. fxg4 {[%emt 0:07:09]} hxg4 {[%emt 0:01:59]} 20. Nxg4 {[%emt 0:01:19]} Bxg4 {[%emt 0:03:29]} 21. Bxg4 {[%emt 0:02:45]} Nxg4 {[%emt 0:08:08]} 22. hxg4 {[%emt 0:00:09]} Qh4+ {[%emt 0:06:17]} 23. Kg1 {[%emt 0:00:09]} Qxg4 {[%emt 0:00:44]} 24. Qd3 {[%emt 0:06:49]} Re5 {[%emt 0:02:39]} 25. Qf3 {[%emt 0:04:38]} Qxf3 {[%emt 0:00:34]} 26. gxf3 {[%emt 0:00:07]} Rg5+ {[%emt 0:00:05]} 27. Kf1 {[%emt 0:05:51]} Rg3 {[%emt 0:02:21]} 28. Kf2 {[%emt 0:05:04]} Bd4+ {[%emt 0:01:21]} 29. Ke2 {[%emt 0:00:10]} Kg7 {[%emt 0:02:54]} 30. Rh1 {[%emt 0:03:02]} Rg8 {[%emt 0:06:30]} 31. Rh4 {[%emt 0:03:07]} Be3 {[%emt 0:00:45]} 32. Rc2 {[%emt 0:01:13]} Kf6 {[%emt 0:05:58]} 33. Nd1 {[%emt 0:04:00]} Rg2+ {[%emt 0:00:31]} 34. Kd3 {[%emt 0:00:07]} Rxc2 {[%emt 0:00:05]} 35. Kxc2 {[%emt 0:00:11]} Rg2+ {[%emt 0:00:05]} 36. Kc3 {[%emt 0:01:24]} Bc1 {[%emt 0:03:51]} 37. Rh1 {[%emt 0:03:37]} Bd2+ {[%emt 0:00:24]} 38. Kd3 {[%emt 0:00:48]} Ba5 {[%emt 0:00:37]} 39. c5 {[%emt 0:03:59]} dxc5 {[%emt 0:01:54]} 40. Kc4 {[%emt 0:00:37]} Rc2+ {[%emt 0:02:37]} 41. Kb3 {[%emt 0:30:33]} Rc1 {[%emt 0:31:24]} 42. Rf1 {[%emt 0:00:38]} c4+ {[%emt 0:00:55]} 43. Ka3 {[%emt 0:00:37]} Bd2 {[%emt 0:00:39]} 44. b3 {[%emt 0:00:27]} c3 {[%emt 0:00:13]} 0-1

[Event "CZE-ch Youth B16 2022"]
[Site "Luhacovice"]
[Date "2022.03.12"]
[Round "1.9"]
[White "Le, Anh Dung"]
[Black "Zrubek, Adam"]
[Result "1-0"]
[WhiteElo "1998"]
[BlackElo "1661"]
[Annotator "TA"]
[PlyCount "116"]
[EventDate "2022.03.12"]
[EventType "swiss"]
[EventCountry "CZE"]
[SourceTitle "playchess.com"]
[Source "ChessBase"]
[SourceQuality "1"]

{[%evp 21,116,22,87,41,56,67,56,61,50,0,0,-16,-19,0,36,27,60,59,89,73,120,113,123,115,114,122,116,77,101,89,90,97,85,75,101,76,85,60,81,58,60,54,65,68,69,62,108,108,108,101,101,97,134,134,134,134,163,154,153,152,146,146,146,111,111,111,111,110,110,110,110,110,110,110,110,110,110,110,110,0,110,110,29951,110,110,80,29965,29966,29967,29967,29967,29967,29963,29965,29939,5118,1673]} 1. e4 c5 2. Nf3 d6 3. d4 cxd4 4. Nxd4 Nf6 5. Nc3 g6 6. Be3 Bg7 7. f3 O-O 8. Qd2 Nc6 9. O-O-O d5 10. Kb1 Nxd4 {10...Rb8 is not played anymore.} 11. e5 Nd7 (11... Nxf3 $11 {keeps the balance.} 12. gxf3 Nh5) 12. Qxd4 {[#] B76: Sicilian Dragon: Yugoslav Attack, 9 g4 and 9 0-0-0.} (12. Bxd4 $16 Nxe5 13. Qe3) 12... Bxe5 $146 ({Predecessor:} 12... e6 13. f4 f6 14. exf6 Nxf6 15. Qd2 Bd7 16. Bd4 a6 17. Be5 Bc6 18. Qd4 Qe7 19. Be2 Nd7 20. Bxg7 Qxg7 {½-½ (29) Senders,J (1938)-Hekhuis,J (2068) Vlissingen 2013}) 13. Qxd5 Bxc3 14. bxc3 {White is slightly better.} Qc7 15. h4 (15. Bb5 $14) 15... Nb6 $11 16. Qc5 Qxc5 17. Bxc5 Na4 18. Bd4 Rd8 {[%cal Oa4c3] And now ...Nxc3+! would win.} 19. Bc4 $1 Rd6 20. h5 {Strongly threatening hxg6.} Be6 {[#]} (20... g5 $142) 21. hxg6 $1 $16 fxg6 (21... Nxc3+ $2 22. Kc1 (22. Bxc3 Rxd1+ 23. Rxd1 Bxc4 $14) 22... h6 23. Rxh6 $1 (23. Bxc3 Rxd1+ 24. Kxd1 Bxc4 $16) (23. gxf7+ Kf8 $16) 23... Rxd4 24. Rxd4 $18) 22. Bb3 {This bishop pair is nice.} Nb6 23. Rde1 Bxb3 24. cxb3 e6 25. Re4 {White is more active.} Rad8 26. Rhe1 Kf7 27. Kc2 Nd7 28. R1e2 ({Of course not} 28. Bxa7 $6 Ra6 29. Ra4 Rxa4 30. bxa4 Ra8 $11) 28... Rc8 29. Kb2 ({Reject} 29. Bxa7 $6 b6 $11) 29... Nc5 30. R4e3 a6 31. g4 Nd7 32. f4 Re8 33. a4 Nf6 (33... Rd5 $14) 34. Rh3 {aiming for Rh6.} h5 35. Bxf6 Kxf6 36. gxh5 gxh5 37. Rxh5 {[%mdl 4096] Endgame KRR-KRR} Rg8 38. Rf2 Rg3 39. f5 $1 exf5 40. Rhxf5+ Ke6 41. Rf7 b6 42. R7f6+ Kd7 43. Rxd6+ Kxd6 {KR-KR} 44. a5 Rg6 45. axb6 {Black must now prevent Rf7.} Kc6 46. Ka3 Kxb6 47. Rf5 Rh6 48. c4 Rh1 49. Rf6+ Kc5 50. Rf5+ Kb6 $1 51. Kb4 Rh3 $2 {[%mdl 8192]} (51... Ra1 $16 52. Rf6+ Kb7) 52. Rf6+ $2 (52. c5+ $1 {mates} Kc7 53. Rf7+ Kb8 54. Rf6 Ka7 55. Ka4 a5 56. Rb6 Rh5 57. Rb5) 52... Kb7 53. c5 a5+ $2 {[%mdl 8192]} (53... Rh2 $16) 54. Ka4 $1 Rc3 {[#]} 55. Rb6+ $1 Kc7 {[#]} 56. Rb5 $1 Kc6 57. Rxa5 Rc1 58. Kb4 {Threatening mate with Ra6+.} Rc2 {Weighted Error Value: White=0.29 (precise) /Black=0.39} 1-0

[Event "CZE-ch Youth B16 2022"]
[Site "Luhacovice"]
[Date "2022.03.12"]
[Round "1.10"]
[White "Vasinek, Martin"]
[Black "Jirasko, Miroslav"]
[Result "0-1"]
[WhiteElo "1594"]
[BlackElo "1933"]
[Annotator "TA"]
[PlyCount "106"]
[EventDate "2022.03.12"]
[EventType "swiss"]
[EventCountry "CZE"]
[SourceTitle "playchess.com"]
[Source "ChessBase"]
[SourceQuality "1"]

{[%evp 19,106,6,18,0,0,-47,-50,-89,-94,-96,-57,-64,-59,-59,-54,-165,-64,-184,-164,-185,-154,-247,-244,-250,-260,-249,-252,-290,-191,-162,-79,-97,-80,-85,-91,-79,-89,-84,-83,-100,-95,-81,0,-12,0,0,0,-8,0,0,14,0,22,0,0,-5,0,-68,-31,-26,0,-4,-12,-35,-31,-94,-78,-144,-129,-299,-296,-309,-310,-302,-302,-457,-428,-568,-569,-767,-740,-950,-823,-5185,-1293,-5102,-3450,-29996,-29997]} 1. d4 Nf6 2. c4 g6 3. Nc3 Bg7 4. e4 d6 5. Nf3 O-O 6. Be2 e5 7. d5 Nbd7 8. O-O Nc5 9. Qc2 a5 10. Be3 b6 11. h3 {E94: King's Indian: Classical: 6 Be2 e5 7 0-0: Various Black 7th moves.} Nh5 12. Ng5 (12. Rfe1 $11) 12... Nf4 $15 13. Bxf4 {Black is slightly better.} exf4 14. Nf3 {[#]} g5 $146 ({Predecessor:} 14... Re8 15. Bd3 g5 16. Rfe1 h5 17. e5 dxe5 18. Ne4 g4 19. hxg4 hxg4 20. Nh2 Nxd3 21. Qxd3 {0-1 (28) Schweitzer,M-Delchev,A (2591) Metz 2002}) 15. Rae1 Bd7 16. Nd2 Qf6 17. Bf3 {[#]} (17. Nb3 $15) 17... Rae8 (17... Qg6 $1 $19 {Strongly threatening ...h5.} 18. Nb3 Nxb3 19. axb3 h5) 18. Bg4 (18. Nb3 $15) 18... Bxg4 $19 19. hxg4 {[#]} h5 $1 20. f3 (20. gxh5 g4 21. Nb3 Re5 $19) (20. e5 $17 Rxe5 21. Rxe5 Qxe5 22. Qd1) 20... Qd4+ 21. Kh1 Qd3 22. Qxd3 Nxd3 23. Rb1 Nxb2 24. Nb5 {[%cal Bc3b5,Bb5a7,Ba7c6,Bc6d4,Bd4f5][%mdl 32]} Re7 (24... hxg4 $19 {White must now prevent ...g3.} 25. Nxc7 Rc8) 25. gxh5 $17 Be5 26. Na7 Nd3 {Black is more active.} 27. Nc6 Ree8 28. Nb3 Kg7 29. Nbd4 Bxd4 30. Nxd4 Kh6 (30... Rh8 $17 31. Nf5+ Kf6) 31. Nf5+ $11 Kh7 32. Rbd1 $36 {[%mdl 2048] White is more active.} Ne5 33. Rc1 a4 34. Rc3 Ra8 35. Rb1 Rfb8 36. a3 Nd7 37. Kh2 Nf6 38. h6 ({White should try} 38. g4 $1 $11) 38... Ng8 (38... Rg8 $5 {[%cal Rg5g4]}) 39. Rh1 Ra5 40. Nd4 Rc5 41. Nc6 Re8 42. Rb1 (42. Rcc1 $15) 42... Nxh6 43. Rb4 ({Better is} 43. Nd4) 43... f5 $17 {[%cal Bf7f5,Bf5e4,Be4e3][%mdl 32]} 44. Nd4 $2 {This move loses the game for White.} (44. e5 $17) 44... fxe4 $19 45. Ne6 {[#]} Rxe6 46. dxe6 {[%mdl 4096] Endgame KRR-KRN} e3 ({Worse is} 46... Re5 47. fxe4 Ng4+ 48. Kg1 $17) 47. Rc2 (47. g4 $142) 47... Re5 48. Rb5 {aiming for Rxe5.} Rxe6 49. Re2 Kg6 {Threatens to win with ...Nf5.} 50. Re1 Nf5 {And now ...Ng3 would win.} 51. Rd5 c6 (51... Ng3 $142 52. Rd3 Re8) 52. Rdd1 Ng3 {( -> ...Kf5)} 53. Kh3 Kf5 {Weighted Error Value: White=0.83/Black=0.31} 0-1

[Event "CZE-ch Youth B16 2022"]
[Site "Luhacovice"]
[Date "2022.03.12"]
[Round "1.11"]
[White "Bezdek, Tomas"]
[Black "Trojan, Matyas"]
[Result "1-0"]
[WhiteElo "1855"]
[BlackElo "1582"]
[Annotator "NA"]
[PlyCount "89"]
[EventDate "2022.03.12"]
[EventType "swiss"]
[EventCountry "CZE"]
[SourceTitle "playchess.com"]
[Source "ChessBase"]
[SourceQuality "1"]
[TimeControl "40/5400+30:1800+30"]

1. e4 {[%emt 0:00:02]} e5 {[%emt 0:00:08]} 2. Nf3 {[%emt 0:00:08]} Nc6 {[%emt 0:00:04]} 3. Bc4 {[%emt 0:00:05]} Bc5 {[%emt 0:00:17]} 4. O-O {[%emt 0:00:36]} d6 {[%emt 0:01:00]} 5. d3 {[%emt 0:00:44]} h6 {[%emt 0:02:01]} 6. c3 {[%emt 0:00:45]} Nf6 {[%emt 0:00:37]} 7. d4 {[%emt 0:07:46]} Bb6 {[%emt 0:10:41]} 8. dxe5 {[%emt 0:01:51]} dxe5 {[%emt 0:09:50]} 9. Qxd8+ {[%emt 0:01:07]} Nxd8 {[%emt 0:00:15]} 10. Re1 {[%emt 0:12:12]} Nc6 {[%emt 0:17:33]} 11. Be3 {[%emt 0:09:07]} O-O {[%emt 0:03:32]} 12. Bxb6 {[%emt 0:00:48]} axb6 {[%emt 0:01:02]} 13. Na3 {[%emt 0:03:33]} Re8 {[%emt 0:04:00]} 14. Nb5 {[%emt 0:01:12]} Re7 {[%emt 0:01:32]} 15. Rad1 {[%emt 0:01:53]} Bg4 {[%emt 0:03:44]} 16. Rd2 {[%emt 0:04:59]} Bxf3 {[%emt 0:03:24]} 17. gxf3 {[%emt 0:00:22]} Kf8 {[%emt 0:04:08]} 18. Red1 {[%emt 0:05:47]} Ke8 {[%emt 0:04:17]} 19. Bd5 {[%emt 0:13:10]} Nh5 {[%emt 0:04:15]} 20. Na3 {[%emt 0:04:41]} Nd8 {[%emt 0:09:31]} 21. Nc2 {[%emt 0:02:49]} Nf4 {[%emt 0:01:42]} 22. Ne3 {[%emt 0:02:34]} c6 {[%emt 0:05:42]} 23. Bb3 {[%emt 0:01:04]} Nde6 {[%emt 0:02:25]} 24. Nf5 {[%emt 0:03:59]} Ng5 {[%emt 0:02:41]} 25. Kh1 {[%emt 0:06:15]} Nxf3 {[%emt 0:07:56]} 26. Rd6 {[%emt 0:00:51]} Ng5 {[%emt 0:00:38]} 27. Nxe7 {[%emt 0:03:56]} Nxe4 {[%emt 0:00:33]} 28. Nf5 {[%emt 0:00:18]} Nxf2+ {[%emt 0:00:25]} 29. Kg1 {[%emt 0:00:24]} Nxd1 {[%emt 0:00:24]} 30. Rxd1 {[%emt 0:01:49]} Nh5 {[%emt 0:00:42]} 31. Nd6+ {[%emt 0:00:31]} Ke7 {[%emt 0:00:15]} 32. Nxf7 {[%emt 0:00:54]} e4 {[%emt 0:00:27]} 33. Nd6 {[%emt 0:00:57]} Nf6 {[%emt 0:00:42]} 34. Nf5+ {[%emt 0:02:21]} Kf8 {[%emt 0:00:28]} 35. Kf2 {[%emt 0:01:21]} Re8 {[%emt 0:00:37]} 36. Rg1 {[%emt 0:01:28]} Nh5 {[%emt 0:00:29]} 37. Ke3 {[%emt 0:00:44]} Re5 {[%emt 0:00:28]} 38. Nd4 {[%emt 0:01:36]} Nf6 {[%emt 0:00:22]} 39. Ne6+ {[%emt 0:00:22]} Ke7 $18 {[%emt 0:00:41]} 40. Rxg7+ {[%emt 0:00:45]} Kd6 {[%emt 0:00:05]} 41. Nd8 {[%emt 0:31:06]} Rh5 {[%emt 0:30:49]} 42. Nxb7+ {[%emt 0:01:24]} Ke5 {[%emt 0:00:05]} 43. Re7+ {[%emt 0:00:22]} Kf5 {[%emt 0:00:11]} 44. Nd6+ {[%emt 0:00:22]} Kg4 {[%emt 0:00:43]} 45. Bd1+ 1-0

[Event "CZE-ch Youth B16 2022"]
[Site "Luhacovice"]
[Date "2022.03.12"]
[Round "1.12"]
[White "Simek, Viktor"]
[Black "Dedek, Jan"]
[Result "0-1"]
[WhiteElo "1527"]
[BlackElo "1963"]
[Annotator "ChessBase"]
[PlyCount "78"]
[EventDate "2022.03.12"]
[EventType "swiss"]
[EventCountry "CZE"]
[SourceTitle "playchess.com"]
[Source "ChessBase"]
[SourceQuality "1"]
[TimeControl "40/5400+30:1800+30"]

1. e4 c6 2. d4 d5 3. exd5 cxd5 4. c4 Nf6 5. Nc3 Nc6 6. Nf3 g6 7. cxd5 Nxd5 8. Bc4 Nxc3 9. bxc3 Bg7 10. O-O O-O 11. Re1 Na5 12. Bb3 e6 13. Bf4 b5 14. Qe2 a6 15. Bc2 Bb7 16. Be4 Bd5 17. a4 Nc4 18. axb5 axb5 19. Bxd5 Qxd5 20. Nd2 Nb6 21. Reb1 Rxa1 22. Rxa1 Qd7 23. Ne4 Nd5 24. Bd2 Rb8 25. Nc5 Qe7 26. f4 b4 27. Rb1 Qe8 28. Qe1 bxc3 29. Rxb8 Qxb8 30. Bxc3 Qxf4 31. Nb3 Bf6 32. Qd2 Ne3 33. Qe2 Nf5 34. Qf2 Qg4 35. Qd2 Bg5 36. Qc2 Ne3 37. Qd2 Qf5 38. Qc1 Nxg2 39. Qf1 Nf4 0-1

[Event "CZE-ch Youth B16 2022"]
[Site "Luhacovice"]
[Date "2022.03.13"]
[Round "2.1"]
[White "Dolensky, Filip"]
[Black "Smolik, Jachym"]
[Result "1/2-1/2"]
[WhiteElo "2021"]
[BlackElo "2277"]
[Annotator "TA"]
[PlyCount "111"]
[EventDate "2022.03.12"]
[EventType "swiss"]
[EventCountry "CZE"]
[SourceTitle "playchess.com"]
[Source "ChessBase"]
[SourceQuality "1"]

{[%evp 9,111,18,21,0,14,2,14,0,0,-14,29,6,29,20,29,28,28,0,0,0,0,0,0,-8,0,0,0,9,13,8,0,2,28,18,15,-8,-14,-6,0,-6,0,0,0,0,0,0,0,0,16,7,0,8,14,2,2,6,7,6,14,14,14,14,10,0,0,0,0,0,0,0,0,0,0,0,0,0,0,0,0,0,0,0,45,53,514,487,1136,1014,1747,1698,1577,1415,4529,3771,1215,30,30,0,8,8,8,0,0,0]} 1. e4 c6 2. d4 d5 3. exd5 cxd5 4. Bd3 Nc6 5. c3 Qc7 6. Be3 {B13: Caro-Kann: Exchange Variation and Panov-Botvinnik Attack.} Nf6 7. h3 e6 8. Nf3 Bd6 9. Nbd2 Bd7 {[#]} (9... O-O {deserves consideration.}) 10. Rc1 $146 ({Predecessor:} 10. O-O h6 11. Qc2 e5 12. dxe5 Nxe5 13. Nxe5 Bxe5 14. Nf3 g5 15. Rfe1 O-O-O 16. Nxe5 Qxe5 {1-0 (34) Dieh,M (1894)-Dah,A Nouakchott 2015}) 10... Rc8 11. O-O O-O 12. a3 Na5 13. Re1 {[%cal Of3e5]} Nc4 {Prevents Ne5.} 14. Nxc4 dxc4 15. Bc2 Bc6 16. Qe2 b5 17. Ne5 Bxe5 18. dxe5 Qxe5 19. Bxa7 Qxe2 20. Rxe2 Bd5 21. Bd4 Nd7 22. Be4 Bxe4 23. Rxe4 Rc6 24. Rce1 Rd6 25. f4 Rd5 26. Kf2 Rd8 27. g4 g6 28. g5 Nb8 29. Be3 {[%cal Oa3a4]} Nc6 30. a4 Rb8 31. axb5 Rdxb5 32. Rxc4 Rxb2+ 33. Re2 Rxe2+ 34. Kxe2 $11 {[%mdl 4096] Endgame KRB-KRN} Rc8 35. Kd3 Kf8 36. Bd4 Ke7 37. Rc5 Kd7 38. Rb5 Kc7 39. Ke4 Ra8 40. Be5+ Kc8 41. Rb2 Ra4+ 42. Bd4 Ra1 43. Re2 Rh1 44. Ra2 Nxd4 45. cxd4 Rxh3 {KR-KR} (45... Re1+ $11 46. Kf3 Rf1+ 47. Ke4 Re1+ 48. Kf3 Kd7) 46. Ra7 $14 Kd8 $2 {[%mdl 8192]} ({Black should play} 46... h6 $14) 47. Rxf7 $18 {[#] Hoping for Ke5.} Ke8 (47... h5 $142 48. Rg7 Rb3) 48. Ra7 {Black must now prevent Ke5.} Rh1 49. Ke5 Re1+ 50. Kf6 Re4 51. Rxh7 Rxd4 52. Kxe6 $2 (52. Rh4 $18 Re4 53. Kxg6) 52... Kf8 $11 53. f5 {[#] Rf7+ is the strong threat.} gxf5 {The position is equal.} 54. Kxf5 Rd6 55. g6 Rd1 56. Ke4 {Weighted Error Value: White=0.23 (precise) /Black=0.23 (precise)} 1/2-1/2

[Event "CZE-ch Youth B16 2022"]
[Site "Luhacovice"]
[Date "2022.03.13"]
[Round "2.2"]
[White "Soucek, Petr"]
[Black "Le, Anh Dung"]
[Result "1/2-1/2"]
[WhiteElo "2194"]
[BlackElo "1998"]
[Annotator "ChessBase"]
[PlyCount "115"]
[EventDate "2022.03.12"]
[EventType "swiss"]
[EventCountry "CZE"]
[SourceTitle "playchess.com"]
[Source "ChessBase"]
[SourceQuality "1"]
[TimeControl "40/5400+30:1800+30"]

1. c4 {[%emt 0:00:13]} c6 {[%emt 0:00:06]} 2. Nf3 {[%emt 0:01:18]} d5 {[%emt 0:00:11]} 3. e3 {[%emt 0:00:30]} Nf6 {[%emt 0:00:24]} 4. Nc3 {[%emt 0:00:13]} e6 {[%emt 0:00:11]} 5. b3 {[%emt 0:00:32]} Bd6 {[%emt 0:01:41]} 6. Bb2 {[%emt 0:02:15]} O-O {[%emt 0:03:38]} 7. d4 {[%emt 0:01:19]} Nbd7 {[%emt 0:02:12]} 8. Bd3 {[%emt 0:00:17]} Re8 {[%emt 0:04:20]} 9. h3 {[%emt 0:00:16]} dxc4 {[%emt 0:08:15]} 10. Bxc4 {[%emt 0:05:51]} b5 {[%emt 0:02:36]} 11. Be2 {[%emt 0:05:41]} Bb7 {[%emt 0:01:34]} 12. O-O {[%emt 0:03:16]} a6 {[%emt 0:02:27]} 13. a4 {[%emt 0:02:04]} Rc8 {[%emt 0:08:40]} 14. Rc1 {[%emt 0:10:39]} Qb6 {[%emt 0:07:47]} 15. Nd2 {[%emt 0:11:18]} Bb8 {[%emt 0:05:54]} 16. Nf3 {[%emt 0:14:03]} h6 {[%emt 0:05:25]} 17. Bd3 {[%emt 0:04:03]} e5 {[%emt 0:01:31]} 18. dxe5 {[%emt 0:11:13]} Nxe5 {[%emt 0:00:34]} 19. Nxe5 {[%emt 0:00:47]} Bxe5 {[%emt 0:00:11]} 20. Qc2 {[%emt 0:01:13]} c5 {[%emt 0:01:31]} 21. axb5 {[%emt 0:02:09]} axb5 {[%emt 0:00:46]} 22. Rfd1 {[%emt 0:02:47]} Qc6 {[%emt 0:10:59]} 23. Bf1 {[%emt 0:00:07]} c4 {[%emt 0:05:42]} 24. bxc4 {[%emt 0:00:42]} bxc4 {[%emt 0:03:02]} 25. Qa4 {[%emt 0:06:40]} Qb6 {[%emt 0:09:52]} 26. Ba1 {[%emt 0:01:44]} Qb3 {[%emt 0:02:36]} 27. Rb1 {[%emt 0:04:23]} Qxa4 {[%emt 0:01:29]} 28. Nxa4 {[%emt 0:00:05]} Be4 {[%emt 0:01:19]} 29. Rbc1 {[%emt 0:01:20]} Bxa1 {[%emt 0:02:16]} 30. Rxa1 {[%emt 0:00:05]} c3 {[%emt 0:04:06]} 31. Rdc1 {[%emt 0:01:10]} c2 {[%emt 0:00:35]} 32. f3 {[%emt 0:01:12]} Bg6 {[%emt 0:00:32]} 33. e4 {[%emt 0:00:32]} Red8 {[%emt 0:00:30]} 34. Nb6 {[%emt 0:01:12]} Rc3 {[%emt 0:03:00]} 35. Ra2 {[%emt 0:02:05]} Rb3 {[%emt 0:00:40]} 36. Nc4 {[%emt 0:00:17]} Nxe4 {[%emt 0:00:55]} 37. fxe4 {[%emt 0:00:08]} Bxe4 {[%emt 0:00:08]} 38. Raxc2 {[%emt 0:00:35]} Bxc2 {[%emt 0:00:17]} 39. Rxc2 {[%emt 0:00:05]} g6 {[%emt 0:00:48]} 40. Nd2 {[%emt 0:01:18]} Rb4 {[%emt 0:00:51]} 41. Kh2 {[%emt 0:31:37]} Rf4 {[%emt 0:30:46]} 42. Nf3 {[%emt 0:01:17]} Kg7 {[%emt 0:00:30]} 43. Be2 {[%emt 0:02:20]} Re4 {[%emt 0:00:00]} 44. Ng1 {[%emt 0:00:00]} Red4 {[%emt 0:00:00]} 45. Bf3 {[%emt 0:00:00]} Rd2 {[%emt 0:00:00]} 46. Rc4 {[%emt 0:00:00]} R2d4 {[%emt 0:00:00]} 47. Rc5 {[%emt 0:00:00]} R8d7 {[%emt 0:00:00]} 48. Ne2 {[%emt 0:00:00]} Rb4 {[%emt 0:00:00]} 49. Kg3 {[%emt 0:00:00]} Rb2 {[%emt 0:00:00]} 50. Nf4 {[%emt 0:00:00]} Rbd2 {[%emt 0:00:00]} 51. Ra5 {[%emt 0:00:00]} Rb2 {[%emt 0:00:00]} 52. h4 {[%emt 0:00:00]} h5 {[%emt 0:00:00]} 53. Nh3 {[%emt 0:00:00]} Rb4 {[%emt 0:00:00]} 54. Ng5 {[%emt 0:00:00]} Rc7 {[%emt 0:00:00]} 55. Bd5 {[%emt 0:00:00]} Rc3+ {[%emt 0:00:00]} 56. Bf3 {[%emt 0:00:00]} Rc7 {[%emt 0:00:00]} 57. Ne4 {[%emt 0:00:00]} Rcc4 {[%emt 0:00:00]} 58. Ng5 {[%emt 0:00:21]} 1/2-1/2

[Event "CZE-ch Youth B16 2022"]
[Site "Luhacovice"]
[Date "2022.03.13"]
[Round "2.3"]
[White "Jirasko, Miroslav"]
[Black "Winter, Ondrej"]
[Result "1-0"]
[WhiteElo "1933"]
[BlackElo "2147"]
[Annotator "ChessBase"]
[PlyCount "99"]
[EventDate "2022.03.12"]
[EventType "swiss"]
[EventCountry "CZE"]
[SourceTitle "playchess.com"]
[Source "ChessBase"]
[SourceQuality "1"]
[TimeControl "40/5400+30:1800+30"]

1. e4 {[%emt 0:00:05]} c5 {[%emt 0:00:10]} 2. Nf3 {[%emt 0:00:05]} Nc6 {[%emt 0:00:04]} 3. Bb5 {[%emt 0:00:05]} g6 {[%emt 0:00:03]} 4. Bxc6 {[%emt 0:00:17]} bxc6 {[%emt 0:00:04]} 5. d4 {[%emt 0:00:07]} Bg7 {[%emt 0:11:01]} 6. dxc5 {[%emt 0:00:49]} Qa5+ {[%emt 0:00:24]} 7. Nbd2 {[%emt 0:00:33]} Ba6 {[%emt 0:10:17]} 8. Rb1 {[%emt 0:04:19]} Qxc5 {[%emt 0:06:44]} 9. c4 {[%emt 0:02:51]} d6 {[%emt 0:18:34]} 10. b4 {[%emt 0:01:35]} Qb6 {[%emt 0:00:56]} 11. O-O {[%emt 0:16:09]} Nh6 {[%emt 0:05:10]} 12. a4 {[%emt 0:06:48]} O-O {[%emt 0:02:08]} 13. Bb2 {[%emt 0:07:36]} Bxb2 {[%emt 0:09:54]} 14. Rxb2 {[%emt 0:00:05]} f5 {[%emt 0:00:29]} 15. e5 {[%emt 0:16:06]} dxe5 {[%emt 0:10:34]} 16. Qb3 {[%emt 0:06:50]} Qc7 {[%emt 0:01:31]} 17. b5 {[%emt 0:05:34]} Bb7 {[%emt 0:03:59]} 18. c5+ {[%emt 0:02:19]} Nf7 {[%emt 0:00:19]} 19. Ng5 {[%emt 0:03:59]} Qd7 {[%emt 0:13:55]} 20. Nxf7 {[%emt 0:03:39]} Rxf7 {[%emt 0:00:14]} 21. Nf3 {[%emt 0:00:10]} Qc7 {[%emt 0:03:51]} 22. Ng5 {[%emt 0:00:13]} Raf8 {[%emt 0:00:01]} 23. b6 {[%emt 0:04:52]} axb6 {[%emt 0:00:26]} 24. Nxf7 Rxf7 {[%emt 0:00:08]} 25. Qxb6 {[%emt 0:00:10]} e6 {[%emt 0:00:27]} 26. Qxc7 {[%emt 0:00:11]} Rxc7 {[%emt 0:00:01]} 27. Rb6 {[%emt 0:00:41]} Bc8 {[%emt 0:01:19]} 28. a5 {[%emt 0:00:41]} Kf7 {[%emt 0:01:13]} 29. a6 {[%emt 0:00:23]} Ke7 {[%emt 0:00:30]} 30. Ra1 {[%emt 0:00:10]} Ra7 {[%emt 0:00:03]} 31. Rxc6 {[%emt 0:00:06]} Kd7 {[%emt 0:00:04]} 32. Rb6 {[%emt 0:01:41]} Kc7 {[%emt 0:00:02]} 33. Kf1 {[%emt 0:00:19]} Bd7 {[%emt 0:00:16]} 34. Ke2 {[%emt 0:08:27]} Bc6 {[%emt 0:00:02]} 35. g3 {[%emt 0:00:06]} Bd5 {[%emt 0:00:55]} 36. f4 {[%emt 0:00:42]} e4 {[%emt 0:00:30]} 37. Ke3 {[%emt 0:00:09]} Bc4 {[%emt 0:01:24]} 38. Kd4 {[%emt 0:00:13]} Bd5 {[%emt 0:00:18]} 39. h4 {[%emt 0:00:36]} h5 {[%emt 0:01:09]} 40. Ra3 {[%emt 0:00:30]} Bc6 {[%emt 0:00:38]} 41. Ke5 {[%emt 0:30:28]} Bd5 {[%emt 0:30:33]} 42. Kf6 {[%emt 0:04:31]} Kd7 {[%emt 0:00:08]} 43. Rd6+ {[%emt 0:01:30]} Ke8 {[%emt 0:00:43]} 44. Kxg6 {[%emt 0:00:23]} Ke7 {[%emt 0:00:01]} 45. Rxd5 {[%emt 0:00:00]} exd5 {[%emt 0:00:00]} 46. Kxf5 {[%emt 0:00:00]} Kd7 {[%emt 0:00:00]} 47. Ke5 {[%emt 0:00:00]} Kc6 {[%emt 0:00:00]} 48. Kd4 {[%emt 0:00:00]} Kb5 {[%emt 0:00:00]} 49. Kxd5 {[%emt 0:00:00]} Kb4 {[%emt 0:00:00]} 50. Re3 {[%emt 0:00:00]} 1-0